|
|
|
|
| LEADER |
01252nam a2200337Ia 4500 |
| 001 |
EBC3050792 |
| 003 |
MiAaPQ |
| 005 |
20200520144314.0 |
| 006 |
m o d | |
| 007 |
cr cn||||||||| |
| 008 |
050518s2005 dcua s 001 0deng d |
| 020 |
|
|
|z 0821361562
|
| 035 |
|
|
|a (MiAaPQ)EBC3050792
|
| 035 |
|
|
|a (Au-PeEL)EBL3050792
|
| 035 |
|
|
|a (CaPaEBR)ebr10079936
|
| 035 |
|
|
|a (CaONFJC)MIL14713
|
| 035 |
|
|
|a (OCoLC)61661457
|
| 040 |
|
|
|a MiAaPQ
|c MiAaPQ
|d MiAaPQ
|
| 050 |
|
4 |
|a HC79.P6
|b W65 2005
|
| 100 |
1 |
|
|a Wolfensohn, James D.
|
| 245 |
1 |
0 |
|a Voice for the world's poor
|h [electronic resource] :
|b selected speeches and writings of World Bank president James D. Wolfensohn, 1995-2005 /
|c [edited by Andrew Kircher ... et al.].
|
| 260 |
|
|
|a Washington, D.C. :
|b World Bank,
|c c2005.
|
| 300 |
|
|
|a xix, 546 p. :
|b ill.
|
| 500 |
|
|
|a Includes index.
|
| 533 |
|
|
|a Electronic reproduction. Ann Arbor, MI : ProQuest, 2015. Available via World Wide Web. Access may be limited to ProQuest affiliated libraries.
|
| 650 |
|
0 |
|a Poverty.
|
| 650 |
|
0 |
|a Poor.
|
| 655 |
|
4 |
|a Electronic books.
|
| 700 |
1 |
|
|a Kircher, Andrew.
|
| 710 |
2 |
|
|a ProQuest (Firm)
|
| 856 |
4 |
0 |
|u https://ebookcentral.proquest.com/lib/matrademy/detail.action?docID=3050792
|z Click to View
|